Statistiques concernant Buteurs Real Madrid LDC 2013/2014

Cliquez ici pour prendre le quiz!

Statistiques générales

  • Ce quiz a été pris 170 fois
  • Le résultat moyen est 7 sur 10

Statistiques - réponses

Nombre de butButeur% Correct
17Cristiano Ronaldo
100%
5Karim Benzema
100%
6Gareth Bale
96%
1Luka Modric
92%
3Sergio Ramos
87%
1Marcelo
82%
3Angel Di Maria
67%
3Isco
58%
1Alvaro Morata
35%
1Alvaro Arbeloa
2%

Distribution des résultats

Percentile par nombre de réponses

% des personnes avec chaque résultat

Votre développement - résultats

Vous n’avez pas pris ce quiz